Normal view
MARC view
Entry Topical Term
001 - CONTROL NUMBER
- control field: 36286
003 - CONTROL NUMBER IDENTIFIER
- control field: OSt
005 - DATE AND TIME OF LATEST TRANSACTION
- control field: 20230302115714.0
008 - FIXED-LENGTH DATA ELEMENTS
- fixed length control field: 230302|| aca||aabn | a|a d
040 ## - CATALOGING SOURCE
- Original cataloging agency: OSt
- Transcribing agency: OSt
150 ## - HEADING--TOPICAL TERM
- Topical term or geographic name entry element: Management practice, Quality of public service, Top managers’ characteristics, Upper echelon theory.
670 ## - SOURCE DATA FOUND
- Source citation: Work cat.: (OSt): Kim, Jungin 36285, Extending upper echelon theory to top managers’ characteristics, management practice, and quality of public service in local government
